[Event "Tradewise Gibraltar Masters 16th"]
[Site "Gibraltar"]
[Date "2018.01.30"]
[Round "8.89"]
[White "Gonzalez Gonzalez, Alfonso"]
[Black "Akesson, Ralf"]
[Result "0-1"]
[WhiteElo "2192"]
[BlackElo "2443"]
[PlyCount "132"]
[EventDate "2018.01.23"]
[EventType "swiss"]
[EventRounds "10"]
[EventCountry "GGB"]
[SourceTitle "BritBase"]
[Source "www.saund.co.uk"]
[SourceDate "2018.02.10"]
[SourceVersion "1"]
[SourceVersionDate "2018.02.10"]
[SourceQuality "1"]

1. d4 Nf6 2. Bg5 d5 3. Nd2 c6 4. e3 Bf5 5. c4 e6 6. Qb3 Qb6 7. c5 Qc7 8. Bf4
Qc8 9. h3 Nbd7 10. Ngf3 h6 11. Bd3 Bxd3 12. Qxd3 b6 13. cxb6 axb6 14. O-O Be7
15. a4 O-O 16. Rfc1 Qb7 17. b3 Rfc8 18. Kh1 c5 19. g4 Ne4 20. Kg2 Bf6 21. Rab1
Re8 22. Ne5 Bxe5 23. Bxe5 c4 24. Qc2 Nxd2 25. Qxd2 Rec8 26. Bg3 cxb3 27. Qb4
Rc4 28. Qxb3 Qc6 29. Rf1 Raxa4 30. Kh2 Rc3 31. Qb2 Rc2 32. Qb3 Raa2 33. Rfc1
Qc4 34. Re1 Qxb3 35. Rxb3 Rab2 36. Rb1 Rxb3 37. Rxb3 Kh7 38. Kg2 Kg6 39. Bd6 h5
40. gxh5+ Kxh5 41. Ra3 Rc6 42. Bg3 Kg6 43. Ra7 Nf6 44. Rb7 Ne4 45. Bh4 Nd6 46.
Rd7 b5 47. Be7 Ne4 48. Bb4 Rc2 49. Be1 Rc1 50. Ba5 Ra1 51. Bd8 b4 52. Rb7 Rb1
53. Be7 b3 54. Ba3 Nd2 55. Bb4 Nc4 56. Bc3 b2 57. Rb4 Rc1 58. Bxb2 Rc2 59. Ba1
Nxe3+ 60. Kg3 Nd1 61. f3 Ne3 62. Rb1 Nf5+ 63. Kf4 Kf6 64. Rg1 Rc4 65. Rg4 Ra4
66. Bb2 e5# 0-1

[Event "Tradewise Gibraltar Masters 16th"]
[Site "Gibraltar"]
[Date "2018.01.30"]
[Round "8.90"]
[White "Docx, Stefan"]
[Black "Verneuil, Pascal"]
[Result "1-0"]
[WhiteElo "2442"]
[BlackElo "2159"]
[PlyCount "83"]
[EventDate "2018.01.23"]
[EventType "swiss"]
[EventRounds "10"]
[EventCountry "GGB"]
[SourceTitle "BritBase"]
[Source "www.saund.co.uk"]
[SourceDate "2018.02.10"]
[SourceVersion "1"]
[SourceVersionDate "2018.02.10"]
[SourceQuality "1"]

1. d4 d5 2. c4 c6 3. Nf3 Nf6 4. e3 a6 5. Nbd2 Bf5 6. Nh4 g6 7. b3 e6 8. Nxf5
gxf5 9. Bb2 Nbd7 10. Qc2 Bd6 11. Be2 Rg8 12. g3 h5 13. c5 Bc7 14. O-O-O Ng4 15.
Rdf1 Qe7 16. Nf3 Qf8 17. Kb1 Rh8 18. Bd3 Ngf6 19. Rc1 Ne4 20. Rhg1 Rg8 21. b4
Qe7 22. a3 Ndf6 23. Ne5 Nd7 24. Qe2 Nef6 25. Nf3 Ng4 26. Nd2 h4 27. h3 Nxf2 28.
Qxf2 hxg3 29. Qg2 Qg5 30. Rce1 Nf6 31. Nf3 Qh6 32. Ne5 Nh5 33. Qf3 Bxe5 34.
dxe5 O-O-O 35. a4 f4 36. exf4 Nxf4 37. Bc1 Qxh3 38. Bxf4 Qh2 39. Rg2 Qh4 40.
Rxg3 a5 41. Reg1 Rgf8 42. Rh1 1-0

[Event "Tradewise Gibraltar Masters 16th"]
[Site "Gibraltar"]
[Date "2018.01.30"]
[Round "8.91"]
[White "Bendayan Claros, Aaron"]
[Black "Shachar, Ehud"]
[Result "0-1"]
[WhiteElo "2191"]
[BlackElo "2401"]
[PlyCount "112"]
[EventDate "2018.01.23"]
[EventType "swiss"]
[EventRounds "10"]
[EventCountry "GGB"]
[SourceTitle "BritBase"]
[Source "www.saund.co.uk"]
[SourceDate "2018.02.10"]
[SourceVersion "1"]
[SourceVersionDate "2018.02.10"]
[SourceQuality "1"]

1. d4 e6 2. c4 Nf6 3. Nc3 Bb4 4. e3 O-O 5. Nge2 Re8 6. a3 Bf8 7. d5 a5 8. g3
Na6 9. Bg2 Nc5 10. b3 exd5 11. cxd5 d6 12. O-O Bf5 13. Nd4 Bd3 14. Re1 Qd7 15.
Ra2 Bg6 16. Bf1 c6 17. f3 Qc7 18. b4 axb4 19. axb4 Rxa2 20. Nxa2 Ncd7 21. dxc6
bxc6 22. Qa4 c5 23. bxc5 dxc5 24. Nc6 Nb6 25. Qb5 Bf5 26. Na5 Bd7 27. Qb3 Rb8
28. Nc4 Nxc4 29. Qxc4 Qa5 30. Nc3 Be6 31. Qd3 Rb3 32. Bd2 c4 33. Qc2 Bb4 34.
Rd1 g6 35. Ne4 Nxe4 36. Bxb4 Rxb4 37. Qxe4 c3 38. Qd3 Rb3 39. Rc1 Bf5 40. Qc4
Ra3 41. g4 Be6 42. Qd4 h5 43. gxh5 Qg5+ 44. Kh1 Qxh5 45. Qf6 Ra2 46. h4 c2 47.
Bd3 Qd5 48. h5 Qxh5+ 49. Kg2 Qh3+ 50. Kf2 Qh2+ 51. Ke1 Bb3 52. Be2 Qg1+ 53. Kd2
Qd1+ 54. Kc3 Qxc1 55. Qd8+ Kg7 56. Qd4+ f6 0-1

[Event "Tradewise Gibraltar Masters 16th"]
[Site "Gibraltar"]
[Date "2018.01.30"]
[Round "8.92"]
[White "Tate, Alan"]
[Black "Pein, Jonathan"]
[Result "1-0"]
[WhiteElo "2358"]
[BlackElo "2153"]
[PlyCount "179"]
[EventDate "2018.01.23"]
[EventType "swiss"]
[EventRounds "10"]
[EventCountry "GGB"]
[SourceTitle "BritBase"]
[Source "www.saund.co.uk"]
[SourceDate "2018.02.10"]
[SourceVersion "1"]
[SourceVersionDate "2018.02.10"]
[SourceQuality "1"]

1. Nf3 d6 2. d4 Nf6 3. c4 g6 4. g3 Bg7 5. Bg2 O-O 6. O-O c6 7. Nc3 Qa5 8. e4
Nbd7 9. Re1 e5 10. h3 exd4 11. Nxd4 Re8 12. Be3 Ne5 13. Bf1 c5 14. Nb3 Qb4 15.
a3 Nf3+ 16. Kh1 Qb6 17. Qxf3 Qxb3 18. Bg5 Nd7 19. Rab1 Ne5 20. Qd1 Qxd1 21.
Rexd1 Be6 22. Nb5 h6 23. Bf4 Re7 24. Nxd6 Rd7 25. b4 b6 26. bxc5 bxc5 27. Nb7
Rxd1 28. Rxd1 Bxc4 29. Nxc5 Bxf1 30. Rxf1 Nc4 31. a4 g5 32. Bc7 a5 33. Rb1 Bf8
34. Nd3 Re8 35. e5 Re7 36. Bd6 Nxd6 37. exd6 Rd7 38. Ne5 Rxd6 39. Rb5 Ra6 40.
Rb7 Rf6 41. Nd7 Rd6 42. Nxf8 Kxf8 43. Rb5 Ra6 44. Kg2 Kg7 45. Kf3 Rf6+ 46. Kg2
Ra6 47. g4 Kg6 48. Kg3 Kg7 49. Rf5 Kg6 50. Rc5 Kg7 51. h4 gxh4+ 52. Kxh4 Rf6
53. Kg3 Ra6 54. Rb5 Kg6 55. Rc5 Kg7 56. Rd5 Kg6 57. Re5 Kg7 58. Rh5 Kg6 59. Rd5
Kg7 60. Rf5 Kg6 61. Kg2 Kg7 62. f3 Kg6 63. Kg3 Kg7 64. Kg2 Kg6 65. Kf2 Ra8 66.
Kg3 Ra6 67. Kf2 Ra8 68. Kf1 Ra7 69. Ke2 Re7+ 70. Kd3 Rd7+ 71. Ke4 Re7+ 72. Kd4
Rd7+ 73. Kc5 Re7 74. Kb5 Re3 75. Kxa5 h5 76. Rxh5 Rxf3 77. Rf5 Rg3 78. Rf4 f6
79. Kb5 Kg5 80. Re4 f5 81. gxf5 Rf3 82. Rc4 Kxf5 83. a5 Ke6 84. a6 Ra3 85. Ra4
Rb3+ 86. Kc4 Rb8 87. a7 Ra8 88. Kb5 Kd7 89. Kb6 Kc8 90. Rd4 1-0

[Event "Tradewise Gibraltar Masters 16th"]
[Site "Gibraltar"]
[Date "2018.01.30"]
[Round "8.93"]
[White "Guthrie, David"]
[Black "Bellin, Robert"]
[Result "1/2-1/2"]
[WhiteElo "2181"]
[BlackElo "2343"]
[PlyCount "55"]
[EventDate "2018.01.23"]
[EventType "swiss"]
[EventRounds "10"]
[EventCountry "GGB"]
[SourceTitle "BritBase"]
[Source "www.saund.co.uk"]
[SourceDate "2018.02.10"]
[SourceVersion "1"]
[SourceVersionDate "2018.02.10"]
[SourceQuality "1"]

1. d4 e6 2. Nf3 c5 3. e3 Nf6 4. c4 d5 5. Nc3 a6 6. cxd5 exd5 7. Be2 Nc6 8. O-O
Bd6 9. dxc5 Bxc5 10. a3 O-O 11. b4 Bd6 12. Bb2 Be6 13. Qd3 b5 14. Rfd1 Qb6 15.
Ng5 Be5 16. e4 Rad8 17. exd5 Bxd5 18. Qh3 h6 19. Nf3 Ne4 20. Nxe4 Bxb2 21. Rab1
Bxa3 22. Nf6+ gxf6 23. Qg4+ Kh8 24. Qh4 Kg7 25. Qg4+ Kh8 26. Qh4 Kg7 27. Qg4+
Kh8 28. Qh4 1/2-1/2

[Event "Tradewise Gibraltar Masters 16th"]
[Site "Gibraltar"]
[Date "2018.01.30"]
[Round "8.94"]
[White "Pabalan, Rocky"]
[Black "Jessel, Stephen"]
[Result "0-1"]
[WhiteElo "2098"]
[BlackElo "2342"]
[PlyCount "92"]
[EventDate "2018.01.23"]
[EventType "swiss"]
[EventRounds "10"]
[EventCountry "GGB"]
[SourceTitle "BritBase"]
[Source "www.saund.co.uk"]
[SourceDate "2018.02.10"]
[SourceVersion "1"]
[SourceVersionDate "2018.02.10"]
[SourceQuality "1"]

1. e4 e6 2. d4 d5 3. Nc3 Nf6 4. Bg5 Bb4 5. e5 h6 6. Bd2 Bxc3 7. bxc3 Ne4 8. Qg4
g6 9. Bd3 Nxd2 10. Kxd2 c5 11. Nf3 Qe7 12. h4 Bd7 13. a4 Nc6 14. Rhb1 O-O-O 15.
Qf4 c4 16. Be2 Rdf8 17. Qf6 Qe8 18. a5 Nb8 19. Nh2 Bc6 20. Ng4 h5 21. Ne3 Nd7
22. Qf3 f6 23. Qg3 fxe5 24. dxe5 Qf7 25. Ke1 Qg7 26. Bxc4 Qxe5 27. Qxe5 Nxe5
28. Bb5 Bxb5 29. Rxb5 Rh7 30. Ra4 Rc7 31. Rab4 Nd7 32. c4 a6 33. Rb6 Nxb6 34.
axb6 Rc5 35. cxd5 exd5 36. g4 Kd7 37. f4 Re8 38. Kd2 Re4 39. Rb1 d4 40. Nd1
hxg4 41. Kd3 Re6 42. Kxd4 Rxc2 43. Ne3 Rd6+ 44. Ke4 Re2 45. Rb3 Re6+ 46. Kd4
Rd2+ 0-1

[Event "Tradewise Gibraltar Masters 16th"]
[Site "Gibraltar"]
[Date "2018.01.30"]
[Round "8.95"]
[White "Janiszewski, Maciej"]
[Black "Papp, Petra"]
[Result "0-1"]
[WhiteElo "2029"]
[BlackElo "2324"]
[PlyCount "122"]
[EventDate "2018.01.23"]
[EventType "swiss"]
[EventRounds "10"]
[EventCountry "GGB"]
[SourceTitle "BritBase"]
[Source "www.saund.co.uk"]
[SourceDate "2018.02.10"]
[SourceVersion "1"]
[SourceVersionDate "2018.02.10"]
[SourceQuality "1"]

1. d4 Nf6 2. Nc3 d5 3. Bg5 c5 4. Bxf6 gxf6 5. e4 dxe4 6. Bb5+ Bd7 7. Bxd7+ Qxd7
8. dxc5 f5 9. Nge2 Bg7 10. O-O O-O 11. f3 exf3 12. Rxf3 Qxd1+ 13. Rxd1 e6 14.
Rg3 Kh8 15. b4 Nc6 16. Rd7 Nxb4 17. Rxb7 Na6 18. Na4 Rac8 19. Rxa7 Nxc5 20.
Nxc5 Rxc5 21. c3 Rd5 22. Nf4 Rd2 23. Rxg7 Rb8 24. h3 Kxg7 25. Nxe6+ Kf6 26. Nd4
Rb6 27. Ra5 Rbb2 28. Ra6+ Ke7 29. Nxf5+ Kd7 30. Nh4 Rxa2 31. Rh6 Rdc2 32. Rxh7
Ke6 33. Rg7 Rxc3 34. Nf3 Kf6 35. Rg4 Ke7 36. h4 f5 37. Rg6 Rc4 38. Kh2 Raa4 39.
Kh3 Rg4 40. Rb6 Ra2 41. Ne1 Re2 42. Rb1 Rg8 43. Ra1 f4 44. Ra7+ Kd6 45. Ra6+
Kc7 46. Ra1 Kd6 47. Ra6+ Kd5 48. Ra5+ Kc4 49. Ra4+ Kb5 50. Ra1 Rg3+ 51. Kh2
Rge3 52. Rb1+ Kc4 53. Rc1+ Kb3 54. Rb1+ Kc3 55. Rc1+ Kd2 56. Rc4 Kxe1 57. Rxf4
Rf2 58. Rg4 Kf1 59. Rg5 Ree2 60. Kh3 Rxg2 61. Rf5+ Ref2 0-1

[Event "Tradewise Gibraltar Masters 16th"]
[Site "Gibraltar"]
[Date "2018.01.30"]
[Round "8.96"]
[White "Garcia Martin, Marta"]
[Black "Maloberti, David"]
[Result "1/2-1/2"]
[WhiteElo "2323"]
[BlackElo "2148"]
[PlyCount "116"]
[EventDate "2018.01.23"]
[EventType "swiss"]
[EventRounds "10"]
[EventCountry "GGB"]
[SourceTitle "BritBase"]
[Source "www.saund.co.uk"]
[SourceDate "2018.02.10"]
[SourceVersion "1"]
[SourceVersionDate "2018.02.10"]
[SourceQuality "1"]

1. e4 e6 2. d4 d5 3. Nd2 Nf6 4. e5 Nfd7 5. Bd3 b6 6. Ne2 Ba6 7. Bxa6 Nxa6 8. c4
Nb4 9. O-O dxc4 10. Nxc4 Be7 11. Nf4 Nf8 12. Nh5 Rg8 13. Be3 Nd5 14. Qf3 Ng6
15. Rac1 Qd7 16. Rc2 f5 17. exf6 gxf6 18. Nf4 O-O-O 19. Nxg6 Rxg6 20. Bf4 Kb8
21. Bg3 Bd6 22. Nxd6 cxd6 23. Rfc1 f5 24. Rc6 f4 25. Bh4 Rdg8 26. g3 Kb7 27.
R6c4 Rf8 28. Qe4 Qf7 29. R1c2 Kb8 30. a3 Rgg8 31. Re2 Rg6 32. h3 fxg3 33. Bxg3
Rxg3+ 34. fxg3 Qf1+ 35. Kh2 Rf2+ 36. Rxf2 Qxf2+ 37. Kh1 Qf1+ 38. Kh2 Qf2+ 39.
Kh1 Qf1+ 40. Kh2 Qxc4 41. Qxe6 Qc1 42. Qxd5 Qxb2+ 43. Kg1 Qxa3 44. Qg8+ Kb7 45.
Qxh7+ Ka6 46. Kf2 Qb2+ 47. Ke3 Qc1+ 48. Ke2 b5 49. h4 b4 50. h5 Qb2+ 51. Ke3 b3
52. Qc7 Qa3 53. Qc6+ Ka5 54. Qc3+ Ka4 55. Qc4+ Ka5 56. Qc3+ Ka4 57. Qc4+ Ka5
58. Qc3+ Ka4 1/2-1/2

[Event "Tradewise Gibraltar Masters 16th"]
[Site "Gibraltar"]
[Date "2018.01.30"]
[Round "8.97"]
[White "De Francesco, Klaus"]
[Black "Barrenechea Bahamonde, Gustavo"]
[Result "1-0"]
[WhiteElo "2287"]
[BlackElo "2127"]
[PlyCount "61"]
[EventDate "2018.01.23"]
[EventType "swiss"]
[EventRounds "10"]
[EventCountry "GGB"]
[SourceTitle "BritBase"]
[Source "www.saund.co.uk"]
[SourceDate "2018.02.10"]
[SourceVersion "1"]
[SourceVersionDate "2018.02.10"]
[SourceQuality "1"]

1. Nf3 c5 2. b3 d5 3. e3 Nf6 4. Bb2 e6 5. Be2 Nc6 6. O-O Bd6 7. c4 O-O 8. d3 b6
9. Nbd2 Bb7 10. Re1 Qc7 11. Nf1 e5 12. cxd5 Nxd5 13. Ng3 Qd7 14. d4 exd4 15.
exd4 Nf4 16. dxc5 bxc5 17. Bxg7 Rfe8 18. Bb2 Rad8 19. Bf1 Rxe1 20. Qxe1 Nd4 21.
Nxd4 cxd4 22. Rd1 d3 23. Qc3 f6 24. Qxf6 Be4 25. Qh8+ Kf7 26. Qg7+ Ke8 27.
Qxd7+ Rxd7 28. Nxe4 Ne2+ 29. Bxe2 dxe2 30. Nxd6+ Rxd6 31. Re1 1-0

[Event "Tradewise Gibraltar Masters 16th"]
[Site "Gibraltar"]
[Date "2018.01.30"]
[Round "8.98"]
[White "Bergstrom, Rolf"]
[Black "Spence, David J"]
[Result "0-1"]
[WhiteElo "2276"]
[BlackElo "2127"]
[PlyCount "53"]
[EventDate "2018.01.23"]
[EventType "swiss"]
[EventRounds "10"]
[EventCountry "GGB"]
[SourceTitle "BritBase"]
[Source "www.saund.co.uk"]
[SourceDate "2018.02.10"]
[SourceVersion "1"]
[SourceVersionDate "2018.02.10"]
[SourceQuality "1"]

1. e4 e6 2. d4 d5 3. e5 c5 4. c3 Qb6 5. Nf3 Nc6 6. Bd3 cxd4 7. cxd4 Bd7 8. O-O
Nxd4 9. Nbd2 Nxf3+ 10. Nxf3 f5 11. exf6 gxf6 12. Be3 Bc5 13. Ne5 fxe5 14. Qh5+
Ke7 15. Qxe5 Nf6 16. Rac1 Bxe3 17. fxe3 Raf8 18. Rf2 Rhg8 19. h3 Qd6 20. Qd4
Qb6 21. Qe5 Ne4 22. Re2 Rf5 23. Qh2 Qd6 24. Qxd6+ Kxd6 25. Rd1 Re5 26. Kh2 h5
27. Rf1 0-1

[Event "Tradewise Gibraltar Masters 16th"]
[Site "Gibraltar"]
[Date "2018.01.30"]
[Round "8.99"]
[White "Heinemann, Josefine"]
[Black "Hapala, Elisabeth"]
[Result "0-1"]
[WhiteElo "2270"]
[BlackElo "2097"]
[PlyCount "56"]
[EventDate "2018.01.23"]
[EventType "swiss"]
[EventRounds "10"]
[EventCountry "GGB"]
[SourceTitle "BritBase"]
[Source "www.saund.co.uk"]
[SourceDate "2018.02.10"]
[SourceVersion "1"]
[SourceVersionDate "2018.02.10"]
[SourceQuality "1"]

1. e4 c5 2. Nf3 e6 3. d4 cxd4 4. Nxd4 a6 5. Bd3 Bc5 6. Nb3 Ba7 7. O-O Nc6 8.
Qg4 Nf6 9. Qxg7 Rg8 10. Qh6 Rg6 11. Qh4 Ne5 12. Be2 b5 13. Bg5 Bb7 14. N1d2 h6
15. Bxf6 Rxf6 16. a4 Ng6 17. Qxh6 Ke7 18. Qg5 Qh8 19. axb5 Nf4 20. Bf3 Rg8 21.
Qxg8 Qxg8 22. bxa6 Ba8 23. Kh1 Rh6 24. Na5 Qh8 25. h3 Bxe4 26. Bxe4 Rxh3+ 27.
gxh3 Qxh3+ 28. Kg1 Ne2# 0-1

[Event "Tradewise Gibraltar Masters 16th"]
[Site "Gibraltar"]
[Date "2018.01.30"]
[Round "8.100"]
[White "Meszaros, Andras"]
[Black "Cholleti, Sahajasri"]
[Result "1-0"]
[WhiteElo "2258"]
[BlackElo "2083"]
[PlyCount "85"]
[EventDate "2018.01.23"]
[EventType "swiss"]
[EventRounds "10"]
[EventCountry "GGB"]
[SourceTitle "BritBase"]
[Source "www.saund.co.uk"]
[SourceDate "2018.02.10"]
[SourceVersion "1"]
[SourceVersionDate "2018.02.10"]
[SourceQuality "1"]

1. e4 c5 2. Nf3 d6 3. d4 cxd4 4. Nxd4 Nf6 5. Nc3 a6 6. Bc4 e6 7. Bb3 Nbd7 8.
O-O Nc5 9. Re1 Be7 10. f3 O-O 11. Be3 Qc7 12. a3 b5 13. Ba2 Bb7 14. Qe2 Rfe8
15. Rad1 Ncd7 16. Bf2 Nc5 17. Rd2 Rad8 18. Qf1 d5 19. e5 Nh5 20. g3 g6 21. Qh3
Ng7 22. Rde2 Ba8 23. Bb1 Rb8 24. Nd1 Nd7 25. c3 a5 26. b4 Bf8 27. Bd3 Bc6 28.
f4 Qc8 29. Nf3 h5 30. Bd4 Be7 31. Rg2 Nf5 32. g4 hxg4 33. Rxg4 Kg7 34. Bxf5 Rh8
35. Nh4 Bxh4 36. Rxh4 Rxh4 37. Qxh4 gxf5 38. Re3 Kf8 39. Rg3 Qd8 40. Rg5 axb4
41. cxb4 Ra8 42. Ne3 Rxa3 43. Rg8+ 1-0

[Event "Tradewise Gibraltar Masters 16th"]
[Site "Gibraltar"]
[Date "2018.01.30"]
[Round "8.101"]
[White "Lercel, Michal"]
[Black "Cherigui, Mourad"]
[Result "1-0"]
[WhiteElo "2252"]
[BlackElo "1892"]
[PlyCount "109"]
[EventDate "2018.01.23"]
[EventType "swiss"]
[EventRounds "10"]
[EventCountry "GGB"]
[SourceTitle "BritBase"]
[Source "www.saund.co.uk"]
[SourceDate "2018.02.10"]
[SourceVersion "1"]
[SourceVersionDate "2018.02.10"]
[SourceQuality "1"]

1. Nf3 c6 2. c4 Nf6 3. g3 g6 4. b4 Bg7 5. Bb2 O-O 6. Bg2 d5 7. cxd5 Nxd5 8.
Bxg7 Kxg7 9. Qb3 Qb6 10. a3 a5 11. Qb2+ Kg8 12. e4 Nf6 13. Nc3 axb4 14. O-O
Nbd7 15. Qxb4 e5 16. Qxb6 Nxb6 17. Nxe5 Rd8 18. Rfb1 Na4 19. Nxa4 Rxa4 20. Rb4
Rd4 21. Rxa4 Rxa4 22. d3 Be6 23. f4 Ne8 24. Bf3 Bb3 25. Nd7 Ra7 26. Nc5 Be6 27.
Rb1 Nd6 28. a4 Bc8 29. g4 Ne8 30. Rb4 Nc7 31. f5 Kf8 32. Kf2 Ke7 33. Bd1 h5 34.
h3 hxg4 35. hxg4 gxf5 36. gxf5 f6 37. d4 Ne8 38. Kf3 Nd6 39. Be2 Kd8 40. Kf4
Kc7 41. Bg4 b6 42. Nb3 Nf7 43. Bh5 Nd8 44. Be8 Ba6 45. e5 Rb7 46. Ke3 Bf1 47.
exf6 Kd6 48. Nd2 Ba6 49. Ne4+ Kd5 50. Rxb6 Rxb6 51. f7 Rb3+ 52. Kf4 Nxf7 53.
Bxf7+ Kxd4 54. Bxb3 Bd3 55. f6 1-0

[Event "Tradewise Gibraltar Masters 16th"]
[Site "Gibraltar"]
[Date "2018.01.30"]
[Round "8.102"]
[White "Plotkin, Victor"]
[Black "Tejaswini, Sagar"]
[Result "1-0"]
[WhiteElo "2242"]
[BlackElo "2081"]
[PlyCount "119"]
[EventDate "2018.01.23"]
[EventType "swiss"]
[EventRounds "10"]
[EventCountry "GGB"]
[SourceTitle "BritBase"]
[Source "www.saund.co.uk"]
[SourceDate "2018.02.10"]
[SourceVersion "1"]
[SourceVersionDate "2018.02.10"]
[SourceQuality "1"]

1. e4 e5 2. Nf3 Nc6 3. Bc4 Bc5 4. O-O d6 5. c3 Nf6 6. d3 a6 7. Bb3 Ba7 8. Nbd2
h6 9. Re1 g5 10. Nc4 g4 11. Nfd2 h5 12. Nf1 Rg8 13. Be3 Bd7 14. Bxa7 Nxa7 15.
Nce3 h4 16. Qd2 Qe7 17. Nd5 Nxd5 18. Bxd5 O-O-O 19. b4 Kb8 20. a4 Nc8 21. Bb3
Be6 22. c4 b6 23. a5 b5 24. Rab1 Na7 25. Rec1 Kb7 26. Qa2 Rc8 27. Rc3 c6 28. c5
Bxb3 29. Qxb3 dxc5 30. Rxc5 f6 31. Rbc1 Qd7 32. Ne3 Rcd8 33. R5c3 h3 34. g3 Rg7
35. Qd1 Rgg8 36. Qe2 Rg6 37. Nf5 Qe6 38. Qe3 Nc8 39. Kf1 Rgg8 40. Ke2 Qd7 41.
Rxc6 Qxc6 42. Rxc6 Kxc6 43. Qc5+ Kb7 44. Ne7 Rg7 45. Nxc8 Rxc8 46. Qb6+ Ka8 47.
Qxa6+ Kb8 48. Qxb5+ Rb7 49. Qd5 Rc2+ 50. Ke3 Rb2 51. Qd6+ Ka7 52. Qxf6 R7xb4
53. Qxe5 Rb5 54. Qg7+ Ka6 55. Qxg4 Rxa5 56. Qxh3 Raa2 57. Qf1 Kb6 58. h4 Kc6
59. h5 Rb5 60. g4 1-0

[Event "Tradewise Gibraltar Masters 16th"]
[Site "Gibraltar"]
[Date "2018.01.30"]
[Round "8.103"]
[White "Roman Lopez, Jesus"]
[Black "Horvath, Dominik"]
[Result "0-1"]
[WhiteElo "2008"]
[BlackElo "2329"]
[PlyCount "58"]
[EventDate "2018.01.23"]
[EventType "swiss"]
[EventRounds "10"]
[EventCountry "GGB"]
[SourceTitle "BritBase"]
[Source "www.saund.co.uk"]
[SourceDate "2018.02.10"]
[SourceVersion "1"]
[SourceVersionDate "2018.02.10"]
[SourceQuality "1"]

1. e4 e5 2. Nf3 Nc6 3. Bb5 a6 4. Ba4 Nf6 5. d4 exd4 6. O-O Be7 7. Re1 b5 8. Bb3
d6 9. Bd5 Nxd5 10. exd5 Ne5 11. Nxd4 O-O 12. f4 Bg4 13. Qd2 Nc4 14. Qd3 Bh4 15.
g3 Bf6 16. Nd2 Re8 17. Ne4 Bxd4+ 18. Qxd4 c5 19. Qf2 Bf5 20. Ng5 Rxe1+ 21. Qxe1
Bxc2 22. Qc3 Bf5 23. b3 Nb6 24. Qd2 Qe7 25. Bb2 Re8 26. Kf2 Bg4 27. Re1 Qxe1+
28. Qxe1 Rxe1 29. Kxe1 Bf5 0-1

[Event "Tradewise Gibraltar Masters 16th"]
[Site "Gibraltar"]
[Date "2018.01.30"]
[Round "8.104"]
[White "Byron, Alan M"]
[Black "Rapport, Jovana"]
[Result "1/2-1/2"]
[WhiteElo "2099"]
[BlackElo "2305"]
[PlyCount "55"]
[EventDate "2018.01.23"]
[EventType "swiss"]
[EventRounds "10"]
[EventCountry "GGB"]
[SourceTitle "BritBase"]
[Source "www.saund.co.uk"]
[SourceDate "2018.02.10"]
[SourceVersion "1"]
[SourceVersionDate "2018.02.10"]
[SourceQuality "1"]

1. e4 e6 2. d4 d5 3. Nd2 dxe4 4. Nxe4 Nf6 5. Bd3 Nc6 6. Nf3 Qd5 7. Nxf6+ gxf6
8. O-O Bd7 9. c4 Qh5 10. Be2 Rg8 11. g3 Qh3 12. Re1 O-O-O 13. Bf1 Qg4 14. Bg2
Be8 15. Qb3 b6 16. Bd2 Nxd4 17. Nxd4 Rxd4 18. Be3 Rd8 19. a4 Bd6 20. c5 bxc5
21. Qb7+ Kd7 22. Bxc5 Bxc5 23. Qc6+ Kc8 24. Qb7+ Kd7 25. Qc6+ Kc8 26. Qb7+ Kd7
27. Qc6+ Kc8 28. Qb7+ 1/2-1/2

[Event "Tradewise Gibraltar Masters 16th"]
[Site "Gibraltar"]
[Date "2018.01.30"]
[Round "8.105"]
[White "Midonet, Matthieu"]
[Black "Osuna Vega, Enrique"]
[Result "1-0"]
[WhiteElo "2213"]
[BlackElo "2102"]
[PlyCount "61"]
[EventDate "2018.01.23"]
[EventType "swiss"]
[EventRounds "10"]
[EventCountry "GGB"]
[SourceTitle "BritBase"]
[Source "www.saund.co.uk"]
[SourceDate "2018.02.10"]
[SourceVersion "1"]
[SourceVersionDate "2018.02.10"]
[SourceQuality "1"]

1. e4 d6 2. d4 Nf6 3. Nc3 e5 4. Nf3 Nbd7 5. Bc4 Be7 6. O-O O-O 7. a4 a5 8. Re1
c6 9. h3 Nb6 10. Bf1 Nfd7 11. Be3 exd4 12. Nxd4 Ne5 13. f4 Ng6 14. Nf5 Bxf5 15.
exf5 Nh8 16. Qg4 Nd7 17. Rad1 d5 18. Kh1 Re8 19. Bf2 Nf6 20. Qf3 Bb4 21. Rxe8+
Qxe8 22. Bh4 Bxc3 23. bxc3 Ne4 24. c4 f6 25. cxd5 Nf7 26. dxc6 Qxc6 27. Bb5
Qxc2 28. Bd3 Qxa4 29. Bxe4 Rb8 30. Bd5 Rf8 31. Bxb7 1-0

[Event "Tradewise Gibraltar Masters 16th"]
[Site "Gibraltar"]
[Date "2018.01.30"]
[Round "8.106"]
[White "Dasaolu, Rotimi"]
[Black "Semprun Martinez, Fernando"]
[Result "0-1"]
[WhiteElo "2064"]
[BlackElo "2209"]
[PlyCount "158"]
[EventDate "2018.01.23"]
[EventType "swiss"]
[EventRounds "10"]
[EventCountry "GGB"]
[SourceTitle "BritBase"]
[Source "www.saund.co.uk"]
[SourceDate "2018.02.10"]
[SourceVersion "1"]
[SourceVersionDate "2018.02.10"]
[SourceQuality "1"]

1. Nf3 Nf6 2. c4 g6 3. b4 a5 4. b5 Bg7 5. Bb2 O-O 6. g3 c6 7. a4 d5 8. Na3 Nbd7
9. cxd5 cxd5 10. Bg2 Re8 11. d4 Nb6 12. Ne5 Bf5 13. O-O Rc8 14. Qb3 Qd6 15. Bc3
Nxa4 16. Bxa5 Nb6 17. Bb4 Qe6 18. Rfc1 Nfd7 19. Nxd7 Qxd7 20. e3 Nc4 21. Bf1
Nxa3 22. Qxa3 Bf6 23. Bc5 h5 24. Qb4 Be4 25. Bg2 Qf5 26. h4 Bxg2 27. Kxg2 Qe4+
28. Kg1 g5 29. hxg5 Bxg5 30. Qb1 Qf3 31. Qd3 h4 32. Qd1 Qxd1+ 33. Rxd1 hxg3 34.
f4 Bh4 35. b6 Kg7 36. Kg2 Kf6 37. Rh1 Rh8 38. Ra7 Rb8 39. Kf3 Kf5 40. Ra2 Rbg8
41. Rg1 Rc8 42. Ra7 Rb8 43. Ra5 Rhg8 44. Bb4 Ke6 45. f5+ Kxf5 46. Rxd5+ Ke6 47.
Rh5 Rh8 48. d5+ Kd7 49. Rf5 Rh6 50. Bc5 Rc8 51. Bd4 Rc2 52. e4 f6 53. Be3 Rh8
54. Rc1 Rxc1 55. Bxc1 Rc8 56. Be3 Rc3 57. Ke2 g2 58. Bd4 Rc1 59. Rh5 Bg5 60.
Rh8 g1=Q 61. Bxg1 Rxg1 62. Rb8 Rb1 63. Rxb7+ Kd6 64. Kd3 f5 65. Rb8 f4 66. b7
Kc7 67. Rf8 Rxb7 68. Rf5 Rb3+ 69. Kc4 Rg3 70. e5 Kd7 71. Rf8 Ra3 72. Kc5 f3 73.
e6+ Kc7 74. d6+ exd6+ 75. Kd5 Rd3+ 76. Ke4 Re3+ 77. Kd5 Re5+ 78. Kc4 Rxe6 79.
Rxf3 Kc6 0-1